000 00663nam a22001937a 4500
008 160725b xxu||||| |||| 00| 0 eng d
020 _a0-07-298123-7
082 _aDC 302.23 B23i 2006
100 _911860
_aBaran, Stanley J.
245 _aIntroduction to mass communication:
_bmedia literacy and culture/
_cStanley J. Baran.
250 _aFourth edition.
260 _aBoston:
_bMcGraw-Hill,
_cc2006.
300 _axxxvi, 523 pages:
_bcolor illustration;
_c28 cm.
500 _aIncludes bibliographical references and index.
650 0 _911861
_aMass media.
650 0 _911862
_aMass media and culture.
650 0 _911863
_aMedia literacy.
942 _2ddc
_cDC
999 _c3563
_d3563